000 00650nam a22002657a 4500
003 UA-OsUOA
001 24157
007 ta
008 20040209b un ||||| |||| 00| 0 ukr d
100 _aКунин И.Ф.
090 _a78.071
_bК91
942 _cBK
040 _aUA-OsUOA
_brus
_cUA-OsUOA
_dUA-OsUOA
245 _aНиколай Андреевич Римский-Корсаков
300 _a156 с.
955 _a0
041 _arus
080 _a78.071
020 _a5-7140-0075-1
260 _aМосква
_bМузыка
_c1988
246 3 1 _aТретье издание
_n
044 _aRU
650 7 _2UDC
999 _c310422
_d310422